| 000 | 00853nam a22002057a 4500 | ||
|---|---|---|---|
| 999 |
_c20271 _d20271 |
||
| 003 | AR-CdUCM | ||
| 008 | 190312b ||||| |||| 00| 0 spa d | ||
| 040 |
_aMUNICIPALIDAD PROVINCIAL DEL CUSCO _cBIBLIOTECA MUNICIPAL DEL CUSCO |
||
| 082 |
_a342.53 / _bG22 |
||
| 100 |
_aGarcia Robles, Alfonso _942363 |
||
| 245 |
_aLa conferencia de Ginebra y : _bLa anchura del mar mediterráneo / |
||
| 260 |
_aMéxico : _c1959. |
||
| 300 |
_a416 páginas ; _c25 cm. _bMapa, imagenes |
||
| 505 | _aContenido : Conferencias de las naciones unidas sobre el derecho del mar -- La anchura del mar territorial -- Sinopsis histórica -- Con un apéndice que contiene los documentos mas importantes en la materia... | ||
| 650 |
_aHistoria del Mar Peruano _942364 |
||
| 650 |
_aDisposiciones _942365 |
||
| 650 |
_aConferencias _9376 |
||
| 942 |
_2ddc _cLIBROS |
||
| 945 | _arcc | ||